• 首页
  • 本馆介绍
  • 公告通知
  • 最新文献
  • 馆藏检索
  • 电子资源
  • 读者导购
  • 参考咨询
  • 我的图书馆
  • 登录
  • 详细信息显示
  • 放入我的书架
  • 预约/预借图书
  • 作者相关作品
  • 分类相关作品
  • 丛书相关作品
  • 出版社相关作品

书目信息

  • 表格格式
  • 工作单格式
  • 卡片格式
题名:
战争事典
    
 
作者: ;指文烽火工作室 著
分册: 023  
出版信息: 北京   台海出版社  2016.09
页数: 198页
开本: 23cm
丛书名:
单 册:
中图分类: E19
科图分类:
主题词: 战争史--zhan zheng shi--世界--史料
电子资源:
ISBN: 978-7-5168-1179-5
000 01033nam0 2200241 450
001 CAL 0120162012272
005 20230307160823.34
010    @a978-7-5168-1179-5@dCNY79.80
100    @a20161009d2016 em y0chiy0120 ea
101 0  @achi
102    @aCN@b110000
105    @aab z 000yy
106    @ar
200 1  @a战争事典@Azhan zheng shi dian@h023@d= War story@h023@f指文烽火工作室著@zeng
210    @a北京@c台海出版社@d2016.09
215    @a198页@c彩图, 地图@d23cm
330    @a本书收录了《日不落的光辉岁月 —— 大不列颠崛起和祸乱欧洲史》《屡败屡战的不屈斗将 —— 立花道雪战记》《热兵器时代的先锋 —— 中世纪晚期的欧洲火门枪》等文章。回顾了英国的崛起、英法百年战争, 分析了不列颠对欧洲大陆的制衡策略 ; 介绍了日本战国时代的武将立花道雪的征战生涯 ; 讲述了火门枪作为热兵器先锋的划时代意义。
510 1  @aWar story@h023@zeng
606 0  @a战争史@Azhan zheng shi@y世界@j史料
690    @aE19@v5
711 02 @a指文烽火工作室@Azhi wen feng huo gong zuo shi@4著
801  0 @aCN@bBJXHZP@c20230228
905    @b1405729-32@dE19@e141:23@f4
    
    战争事典.023= War story.023/指文烽火工作室著.-北京:台海出版社,2016.09
    198页:彩图, 地图;23cm
    
    
    ISBN 978-7-5168-1179-5:CNY79.80
    本书收录了《日不落的光辉岁月 —— 大不列颠崛起和祸乱欧洲史》《屡败屡战的不屈斗将 —— 立花道雪战记》《热兵器时代的先锋 —— 中世纪晚期的欧洲火门枪》等文章。回顾了英国的崛起、英法百年战争, 分析了不列颠对欧洲大陆的制衡策略 ; 介绍了日本战国时代的武将立花道雪的征战生涯 ; 讲述了火门枪作为热兵器先锋的划时代意义。
●
相关链接 在E读中查询图书 在五车中查询图书 在当当中查询图书 在豆瓣中查询图书


正题名:战争事典     索取号:E19/141:23         预约/预借

序号 登录号 条形码 馆藏地/架位号 状态 备注
1 1405729   214057296   第一样本阅览室/ [索取号:E19/141:23] 在馆    
2 1405730   214057303   第一借阅区/ [索取号:E19/141:23] 在馆    
3 1405731   214057312   第一借阅区/ [索取号:E19/141:23] 在馆    
4 1405732   214057321   第一借阅区/ [索取号:E19/141:23] 在馆    
唐山师范学院图书馆 欢迎您!
大连网信软件有限公司© 版权所有